000 02545nam0a2200349 4500
001 RU\NLR\BIBL_A\022282924
005 20260420012647.0
010 _a978-5-00231-070-8
_9150
021 _aRU
_bКН-П-24-033873
_9КН-П-24-3425
035 _a(NLR Aleph) 022282924
090 _a13661288
_c13661288
100 _a20240723d2024 u y0rusy50 ca
101 0 _arus
_deng
102 _aRU
105 _aac||j|||000yy
181 0 _ai
_baxxe
182 0 _an
200 1 _aПредварительная обработка данных автоматических метеорологических станций
_eучебное пособие
_fВосканян К. Л., Жуков. В. Ю., Кузнецов А. Д. [и др.]
_gМинистерство науки и высшего образования Российской Федерации, Федеральное государственное бюджетное образовательное учреждение высшего образования "Российский государственный гидрометеорологический университет" (РГГМУ)
203 _aТекст
_bвизуальный
_cнепосредственный
210 _aСанкт-Петербург
_cНИЦ АРТ
_d2024
215 _a71 с.
_cил., табл.
_d20
300 _aНа 70-й с. авт.: К. Л. Восканян, канд. физ.-мат. наук, доц., Жуков В. Ю., преподаватель, д-р физ.-мат. наук, А. Д. Кузнецов, проф., д-р физ-мат. наук
320 _aБиблиогр.: с. 69 (18 назв.)
606 1 _aМетеорологические наблюдения
_jУчебные издания для высших учебных заведений
_xОбработка результатов компьютерная
_91612688
_3RU\NLR\AUTH\66710826
686 1 _aД23в641.8я73
701 1 _aВосканян
_bК. Л.
_gКарина Левановна
701 1 _7ca
_8rus
_aЖуков
_bВ. Ю.
_cд-р физ-мат. наук, канд. техн. наук
_gВладимир Юрьевич
_9212024
_3RU\NLR\AUTH\770212080
701 1 _7ca
_8rus
_aКузнецов
_bА. Д.
_cд-р физ.-мат. наук
_gАнатолий Дмитриевич
_9179758
_3RU\NLR\AUTH\770179809
942 _cBOOK
980 _aNB